000 01562pam a2200421 a 4500
003 IlJaBTS
005 20241220102557.0
008 030303s2003 nyu c 000 1 eng
001 2002066296 464455
010 _a 2002066296
020 _a0374399565 (trade)
035 _a(Sirsi) i9780374399566
040 _aDLC
_cIlJaBTS
_dIlJaBTS
043 _an-us-me
050 0 0 _aPZ7.H79224
_bCan 2003
082 0 0 _a[Fic]
092 _aHOR
100 1 _aHorvath, Polly.
_931433
245 1 4 _aThe canning season /
_cPolly Horvath.
260 _aNew York :
_bFarrar Straus Giroux,
_cc2003.
300 _a195 p. ;
_c21 cm.
510 3 _aBooklist, April 01, 2003
510 3 _aKirkus starred, May 01, 2003
510 3 _aThe Horn Book starred, May 2003
510 3 _aSchool Library Jl. starred, May 2003
510 3 _aThe Bulletin of the Center for Children's Books, July 2003
510 4 _aHorn Book Guide starred,
_cvol. XIV, no. 2, Fall 2003, p. 384
510 3 _aWilson Middle & Jr High Catalog
510 3 _aBest Books for Middle School and Junior High Readers
520 _aThirteen-year-old Ratchet spends a summer in Maine with her eccentric great-aunts Tilly and Penpen, hearing strange stories from the past and encountering a variety of unusual and colorful characters.
521 1 _a012-016.
_bBTSB.
526 0 _aAccelerated Reader
_bMG
_c5.6
_d8.0
_z68190.
650 7 _aGreat-aunts
_vFiction.
_2sears
_95684784
651 7 _aMaine
_vFiction.
_2sears
_95679205
852 1 _9p16.65usd
942 _cBOOK
_02
998 _aa1244
999 _c615
_d615